000 00539nam a22001817a 4500
005 20241205115340.0
008 241205b |||||||| |||| 00| 0 eng d
020 _a9781485151098
041 _aEnglish
082 _a346.7 FIN
100 _lEnglish
245 _aFintech Law and Regulation: An African Perspective /
_cV Lawack
250 _aFirst Edition
260 _aCape Town:
_bJuta and Company Ltd,
_c2023
300 _bxxxii, 464 pages;
_c26 cm.
650 _aLegal practice
_bLaw
942 _cBK
_6ALISON_BN_VRIES
999 _c3283
_d3283